| 000 | 00383cam a2200145ua 4500 | ||
|---|---|---|---|
| 003 | OSt | ||
| 008 | 220928b |||||||| |||| 00| 0 eng d | ||
| 041 | _aben | ||
| 082 |
_a627.52 _bINT/FO |
||
| 245 | _aFourteenth international congress on irrigation and drainage , Brazil Vol.1B | ||
| 260 |
_a : _bICID & CIID , _c1990. |
||
| 300 | _a345-687 ; . | ||
| 500 | _a20266 Ref | ||
| 942 | _cBK | ||
| 999 |
_c5987 _d5987 |
||